000
00321pab a2200145 454500
008
180718b2001 xxu||||| |||| 00| 0 eng d
100
_a
Chadha, D.K.
245
_a
Protecting groundwater
260
_c
2001
300
_a
p.184-96
362
_a
Jan-Feb
650
_a
Groundwater
773
_a
Encounter
909
_a
50102
999
_c
50102
_d
50102